Control Systems (Record no. 4491)

MARC details
000 -LEADER
fixed length control field 00392nam a22001697a 4500
005 - DATE AND TIME OF LATEST TRANSACTION
control field 20160628145948.0
008 - FIXED-LENGTH DATA ELEMENTS--GENERAL INFORMATION
fixed length control field 160628b xxu||||| |||| 00| 0 eng d
020 ## - INTERNATIONAL STANDARD BOOK NUMBER
ISBN 81-88458-03-1
041 ## - LANGUAGE CODE
Language code of text/sound track or separate title eng
082 ## - DEWEY DECIMAL CLASSIFICATION NUMBER
Item number 11531
100 ## - MAIN ENTRY--AUTHOR NAME
Personal name Saeed, S. Hasan
245 ## - TITLE STATEMENT
Title Control Systems
260 ## - PUBLICATION, DISTRIBUTION, ETC. (IMPRINT)
Name of publisher Katson Books
Year of publication 2012
300 ## - PHYSICAL DESCRIPTION
Number of Pages 544
650 ## - SUBJECT ADDED ENTRY--TOPICAL TERM
Topical Term Diploma Engineering
942 ## - ADDED ENTRY ELEMENTS (KOHA)
Koha item type Books
Holdings
Lost status Damaged status Home library Date acquired Cost, normal purchase price Full call number Accession Number Koha item type Current library Shelving location
    JRU Library 28/06/2016 295.00 11531 11531 Books    
    JRU Library 28/06/2016 295.00 11531 11532 Books   SHELF-40-N
    JRU Library 28/06/2016 295.00 11531 11533 Books   SHELF-39-J
    JRU Library 28/06/2016 295.00 11531 11534 Books   SHELF-40-K
    JRU Library 28/06/2016 295.00 11531 11535 Books   SHELF-40-N
    JRU Library 28/06/2016 295.00 11531 11536 Books    
    JRU Library 28/06/2016 295.00 11531 11537 Books   SHELF-40-K
    JRU Library 28/06/2016 295.00 11531 11538 Books   SHELF-40-L
    JRU Library 28/06/2016 295.00 11531 11539 Books   SHELF-40-L
    JRU Library 28/06/2016 295.00 11531 11540 Books   SHELF-39-J
    JRU Library 28/06/2016 295.00 11531 11541 Books   SHELF-39-J
    JRU Library 28/06/2016 295.00 11531 11542 Books    
    JRU Library 28/06/2016 295.00 11531 11543 Books   SHELF-40-K
    JRU Library 28/06/2016 295.00 11531 11544 Books    
    JRU Library 28/06/2016 295.00 11531 11545 Books    
    JRU Library 28/06/2016 295.00 11531 11546 Books    
    JRU Library 28/06/2016 295.00 11531 11547 Books    
    JRU Library 28/06/2016 295.00 11531 11548 Books   SHELF-39-J
    JRU Library 28/06/2016 295.00 11531 11549 Books   SHELF-40-N
    JRU Library 28/06/2016 295.00 11531 11550 Books   SHELF-39-J
    JRU Library 28/06/2016 295.00 11531 11551 Books    
    JRU Library 28/06/2016 295.00 11531 11552 Books   SHELF-40-K
    JRU Library 28/06/2016 295.00 11531 11553 Books   SHELF-40-K
    JRU Library 28/06/2016 295.00 11531 11554 Books    
    JRU Library 28/06/2016 295.00 11531 11555 Books   SHELF-39-J
    JRU Library 28/06/2016 295.00 11531 11556 Books    
    JRU Library 28/06/2016 295.00 11531 11557 Books   SHELF-39-J
    JRU Library 28/06/2016 295.00 11531 11558 Books    
    JRU Library 28/06/2016 295.00 11531 11559 Books   SHELF-39-J
    JRU Library 28/06/2016 295.00 11531 11560 Books   SHELF-39-J
    JRU Library 28/06/2016 295.00 11531 11561 Books    
    JRU Library 28/06/2016 295.00 11531 11562 Books   SHELF-40-L
    JRU Library 28/06/2016 295.00 11531 11563 Books   SHELF-40-N
    JRU Library 28/06/2016 295.00 11531 11564 Books   SHELF-40-L
    JRU Library 28/06/2016 295.00 11531 11565 Books   SHELF-40-L
    JRU Library 28/06/2016 295.00 11531 11566 Books    
    JRU Library 28/06/2016 295.00 11531 11567 Books   SHELF-40-K
    JRU Library 28/06/2016 295.00 11531 11568 Books    
    JRU Library 28/06/2016 295.00 11531 11569 Books   SHELF-40-K
    JRU Library 28/06/2016 295.00 11531 11570 Books    
    JRU Library 28/06/2016 295.00 11531 11571 Books   SHELF-39-I